On the right track

Kaydedildi:
Detaylı Bibliyografya
Yazar: Guttman, Cynthia (Yazar)
Materyal Türü: Kitap
Dil:İngilizce
Baskı/Yayın Bilgisi: París UNESCO 1994
Seri Bilgileri:Education for all. Making it work, 5
Konular:
Etiketler: Etiketle
Etiket eklenmemiş, İlk siz ekleyin!

MARC

LEADER 00000nam a2200000 a 4500
001 UCY6047
003 CL-VaPUC
008 950521e19940000FR |||||||||||||||||eng|d
082 0 4 |a 305.23  |b GUT  |2 21 
100 |a Guttman, Cynthia  |e author  |9 354872 
245 1 0 |a On the right track 
300 |a 32 p 
942 |c BK 
945 |d 19950521 00:00:00  |a mfernand 
260 |a París  |b UNESCO  |c 1994 
600 0 7 |a SERVOL  |2 CL-VaPUC  |9 335618 
600 0 7 |a SERVICE VOLUNTEERED FOR ALL  |2 CL-VaPUC  |9 335619 
650 7 |a INFANCIA  |2 CL-VaPUC  |9 335620 
650 0 |a Pobreza  |9 258652 
650 0 |a Educación  |9 258661 
650 7 |a ORGANIZACIONES NO GUBERNAMENTALES  |2 CL-VaPUC  |9 335621 
650 0 |a Violencia en el hogar  |9 334209 
650 0 |a Problemas sociales  |9 258537 
651 7 |a TRINIDAD Y TOBAGO  |2 CL-VaPUC  |9 335622 
583 |a last modification  |c 19950521 00:00:00  |k Rodrigo Vera 
490 0 |a Education for all. Making it work, 5 
999 |c 233631  |d 233629 
952 |0 0  |1 0  |4 0  |6 305_230000000000000_GUT_1994  |7 0  |8 P  |9 239267  |a BIBEDU  |b BIBEDU  |c BIBEDU_PB  |d 2019-11-18  |i 1505424  |o 305.23 GUT 1994  |p 1505424  |r 2024-01-25  |w 2019-11-18  |y BK  |k EDU 
952 |0 0  |1 0  |4 0  |6 305_230000000000000_GUT_1994  |7 0  |8 P  |9 239268  |a BIBEDU  |b BIBEDU  |c BIBEDU_PB  |d 2019-11-18  |i 3175359  |o 305.23 GUT 1994  |p 3175359  |r 2024-01-25  |w 2019-11-18  |y BK  |k EPE